000 00325nam a22001337a 4500
005 20160204115706.0
008 160204b xxu||||| |||| 00| 0 eng d
040 _cPK-LaUMT
082 _aAMC 959.7
_bOUR-
245 _aOur president Ho chi minh
260 _aHanoi
_bForeign languages
_c1970
300 _a207 p.
942 _cBK
999 _c82630
_d82630